000 00737nam a2200205Ii 4500
003 JO-AjNU
008 230605s9999||||xx |||||||||||||| ||und||
040 _aJO-AjNU
_bara
_erda
_cJO-AjNU
041 _aara
050 1 4 _aPJ7510.S37 1980
100 3 _aالساسي، عمر الطيب,
_eauthor
_917340
245 0 0 _aدراسات في الأدب العربي على مر العصور مع بحث خاص بالأدب العربي السعودي
250 _aط12
264 3 1 _aجدة: دار الشروق، 1993
300 _a158ص
336 _atext
_btxt
_2rdacontent
337 _aunmediated
_bn
_2rdamedia
338 _avolume
_bnc
_2rdacarrier
650 4 _aالأدب العربي - دراسات - الأدب السعودي
_917341
999 _aA5335
_c8903
_d8903